Loading...
| History - American History | 2 | 2 | 0 | 0 | 50 | 64 | 74.25 | 0 | 3 |
| Social Science | 1 | 3 | 0 | 1 | 45 | 36 | 97.00 | 1 | 2 |
| History - World History | 1 | 2 | 0 | 0 | 35 | 68 | 72.00 | 0 | 2 |
| Other Academic | 0 | 2 | 0 | 0 | 20 | 79 | 85.00 | 0 | 2 |
| Science - Other Science | 0 | 1 | 0 | 0 | 10 | 109 | 109.00 | 0 | 0 |
| Current Events | 0 | 1 | 0 | 1 | 10 | 126 | 126.00 | 0 | 0 |
| Fine Arts - Other Fine Arts | 0 | 1 | 0 | 0 | 10 | 88 | 88.00 | 0 | 1 |
| History - European History | 0 | 1 | 0 | 1 | 10 | 103 | 103.00 | 0 | 0 |
| Literature - World Literature | 0 | 1 | 0 | 0 | 10 | 131 | 131.00 | 0 | 0 |
| Literature - American Literature | 0 | 0 | 1 | 0 | -5 | 0.00 | 0 | 0 |